00699nam a2200157 a 450000100100000000500170001000800410002704000250006824500940009326000480018730000270023559000750026204900090033795201780034699900170052400003587120200930074700.0111115s1956 dr 000 0 spa d aDO-SdBNPbspacBNPHU00aHomenaje al patriota :bel centenario de Juan Gualberto Gómez, 1854 - Julio 12 -1954 /. aLa Habana :bMunicipio de la Habana,c1956. a72 p. :bil. ;c22 cm. aPerteneció a la biblioteca personal de Juan Isidro Jimenes Grullón aBNPD 0010718PDaGRbGRcCTd2011-11-15iLF1l0o p35871-10r2020-06-25w2020-06-25yLFPDzPerteneció a la biblioteca personal de Juan Isidro Jimenes GrullónZNo se presta c35362d35362